000 01271nmc a2200337 a 4500
003 AR-BaBNM
005 20251128204526.0
008 075019s1965 ||||||||||||||000 | spa||
040 _cAR-BaBNM
100 1 _aGesell, Arnold Lucius
245 1 0 _aPsicología del escolar
260 _aBuenos Aires
_bPaidós
_c1965-1967
300 0 _a599 p.
490 0 _aNueva enciclopedia pedagógica del educador. Psicología y educación del escolar
_vv. 7
500 1 _aContiene: Procesos del aprendizaje infantil - Emociones, actividades e intereses del niño de 5 a l6 años - Vida escolar e imagen del mundo del niño de 5 a 16 años - Las relaciones interpersonales del niño de 5 a 16 años - La personalidad del niño de 5 a 1
504 _aContiene bibliografía
650 4 _aPROCESO DE APRENDIZAJE
650 4 _aPSICOLOGIA DE LA EDUCACION
650 4 _aPSICOLOGIA DEL NINO
650 4 _aPSICOLOGIA DEL ADOLESCENTE
650 4 _aJUEGOS INFANTILES
650 4 _aADAPTACION SOCIAL
650 4 _aDESARROLLO DE LA PERSONALIDAD
650 4 _aRELACIONES FAMILIARES
650 4 _aPSICOLOGIA EVOLUTIVA
653 0 _aPROCESO DE ENSENANZA-APRENDIZAJE
700 1 _aCalvin, Allen D.
700 1 _aBernstein, Jaime
_ecompilador
942 _cBK
998 _cGrace
999 _c7776
_d7776